| 000 | 00668nam a2200241 a 4500 | ||
|---|---|---|---|
| 001 | BRCA_2908 | ||
| 005 | 20190320204025.0 | ||
| 008 | 121208s1847----mx-a---###---#000-0#spa-u | ||
| 041 | _aspa | ||
| 044 | _amx | ||
| 050 | 4 |
_aF1226 _b.D47 1847 |
|
| 245 | 1 | 0 | _aDespojo de los bienes de las iglesias. |
| 260 |
_aMéxico _bImprenta de las Escalerillas Número 13 _c1847 |
||
| 300 |
_a8 p. _bil. _c22 cm. |
||
| 500 | _aNúm. 3 | ||
| 500 | _aEstado físico: sin encuadernación | ||
| 500 | _aB34 | ||
| 650 | 1 | 4 |
_aIglesia Católica en México _98090 |
| 650 | 1 | 4 |
_aIglesia y estado en México _98091 |
| 651 | 4 |
_aMéxico _xHistoria _9614 |
|
| 902 | _aGFM | ||
| 942 |
_2lcc _cB |
||
| 999 |
_c2647 _d2647 |
||